000
00255nam a2200121Ia 4500
100
_a
Ryder/John D
942
_c
BK
654
_a
networks
245
_a
Networks
260
_b
prentice hall
_a
New Delhi
_c
1988
082
_a
621.3192
_b
RYD
546
_a
ENGLISH
999
_c
30073
_d
30073